000 00377nam a2200133Ia 4500
008 220217s9999||||xx |||||||||||||| ||und||
020 _a0-521-58685-2
082 _a004 KAL
100 _aKalicharan, Noel
_93527
245 0 _aIntroduction to computer studies
260 _aCambridge university press
_bUnited Kingdom
_c1998
300 _b175
650 _aCOMPUTER SCIENCE
999 _c172118
_d172118